000 00356nam a2200145Ia 4500
008 230711s9999||||xx |||||||||||||| ||und||
041 _aENG
082 _a4
_bRA-C
100 _aRamaswamy,M
245 0 _aComputer system and data analysis
250 _a2nd
260 _c1994
_aNew Delhi
_bS.K Kataria & Sons
650 _aComputer Engineering
942 _cBK
999 _c2622
_d2622